000 01211nam a2200325Ia 4500
001 Para_9365
003 CHAP
008 220125s2007 xx 000 0 und d
010 _a208062
040 _cCHAP
090 _aTESIS 2107
100 _aEnriquez Santiago, Cesar
_937020
245 _aReducción de la población de Pectobacterium carotovorum mediante la aplicación de las cepas antagónicas CA-04, CA-05 y CA-12 en el cultivo de lechuga (Lactuca sativa L.) en Chapingo, México /
_c por Cesar Enriquez Santiago
260 _aChapingo, Méx. :
_b el autor
300 _a43 h.
502 _aTesis (Ing. Agr. Esp. en Parasitología Agrícola). UACh. Departamento Parasitología Agrícola
650 _aControl biológico de insectos
_927582
650 _aControl biológico de plagas
_927587
650 _aLechuga
_x enfermedades
_965458
650 _aLechuga
_x plagas
_965470
650 _aPectobacterium carotovorum
_9174396
710 _aUACh. Departamento Parasitología Agrícola
_9164025
901 _aTESIS 2107
902 _aM
905 _a0000002007 an 0000000000 00
910 _a2007
942 _cPARA
942 _cPARA
_d2
999 _c208062
_d208062